000 00710nam a2200241 a 4500
001 000003748
003 OSt
005 20240229073954.0
008 090713s2001 dr a 000 0 spa d
020 _a8489548242
040 _aDO-SdBNP
_bspa
_cBNPHU
082 _a641.3
_bV422f
100 1 _aVega, Bernardo,
_d1938 -
_93222
245 1 4 _aLas frutas de los taínos /
_cBernardo Vega.
250 _a2a ed.
260 _aSanto Domingo, :
_bFundación Cultural Dominicana,
_c2001.
300 _a226 p. :
_bil. ;
_c31 cm.
500 _aIncluye índice.
500 _aIncluye notas.
500 _aIncluye datos biográficos del autor en la contrasolapa.
590 _aInventariado, 2020/ YL
942 _2ddc
_cLBS1
999 _c3570
_d3570